North Korea Quiz - Statistics

General Stats
  • This quiz has been taken 28 times
  • The average score is 10 of 15
Answer Stats
Question Answer % Correct
North Korea borders? China
96%
What is the capital of North Korea? Pyongyang
96%
North Korea borders? Russia
92%
North Korea borders? South Korea
92%
Who is the dictator of North Korea? Kim Jong-un
88%
During what decade was the Korean War fought? 1950s
81%
What four letters make up the abbreviation of the official name for North Korea? DPRK
77%
What currency is used in North Korea? North Korean Won (KPW)
73%
In what country did he go to school? Switzerland
69%
When was the last time North Korea participated in a football/soccer World Cup? 2010
65%
On what parallel was the border between the Koreas drawn after WWII? The 38th Parallel
65%
What sea lies to the southwest of North Korea? Yellow Sea
46%
What is the name of the national airline? Air Koryo
42%
What is the largest party in North Korea called? Workers' Party of Korea
23%
What is the second largest city? Hamhung
15%
No matching quizzes found
Score Distribution
Percent of People with Each Score
Percentile by Number Answered
Your Score History
You have not taken this quiz